logo

Bir Sreshtho Munshi Abdur Rouf Library
Jhenaidah Cadet College

The grapes of wrath : (Record no. 10497)

MARC details
000 -LEADER
fixed length control field 00716nam a2200253 a 4500
001 - CONTROL NUMBER
JCCL Control Number 10497
003 - CONTROL NUMBER IDENTIFIER
JCCL marc code BD-JhCC
005 - DATE AND TIME OF LATEST TRANSACTION
control field 20180430174513.0
008 - FIXED-LENGTH DATA ELEMENTS--GENERAL INFORMATION
fixed length control field 180430s1965 nbu |||| |||| 000 0 eng d
020 ## - INTERNATIONAL STANDARD BOOK NUMBER
International Standard Book Number 822005425
035 ## - SYSTEM CONTROL NUMBER
system control number (BD-JhCC)10497
040 ## - CATALOGING SOURCE
Original cataloging agency BD-JhCC
Modifying agency BD-JhCC
041 ## - LANGUAGE CODE
Language code of Book eng
082 ## - DEWEY DECIMAL CLASSIFICATION NUMBER
Classification number 813.09
Author mark and Year CAR 1965
100 ## - MAIN ENTRY--PERSONAL NAME
Personal name Carey, G. K.
Fuller form of name (Gary K.)
245 ## - TITLE STATEMENT
Title The grapes of wrath :
Remainder of title notes /
Statement of responsibility, etc G. K. Carey; James L. Roberts,
260 ## - PUBLICATION, DISTRIBUTION, ETC. (IMPRINT)
Place of publication, distribution, etc USA :
Name of publisher, distributor, etc Cliffs Notes, Inc.
Date of publication, distribution, etc 1965
300 ## - PHYSICAL DESCRIPTION
Pagination 73 p . :
Dimensions 21 cm.
504 ## - BIBLIOGRAPHY, ETC. NOTE
Bibliography, etc Includes bibliography
600 ## - SUBJECT ADDED ENTRY--PERSONAL NAME
Personal name Steinbeck, John,
Dates associated with a name 1902-1968
650 ## - SUBJECT ADDED ENTRY--TOPICAL TERM
Topical term or geographic name as entry element Grapes of wrath (Steinbeck, John)
700 ## - ADDED ENTRY--PERSONAL NAME
Personal name Roberts, James L.,
942 ## - ADDED ENTRY ELEMENTS (KOHA)
Source of classification or shelving scheme Dewey Decimal Classification
Koha item type Books
Holdings
Source of classification or shelving scheme Damaged status Not for loan Home library Current library Shelving location Date of accession Cost, normal purchase price Total Checkouts Full call number Barcode Date last seen Copy number Koha item type
Dewey Decimal Classification     JCC Rouf Library JCC Rouf Library General Stacks 04/30/2018 1.00   813.09 CAR 1965 14057 04/30/2018 C-1 Books

JCC Library | Contacts | JCC Home

Last Update on 23 September 2017
Copyright @ 2017-2020 JCC Rouf Library
Rouf Library, Jhenidah Cadet College (JCC), Bangladesh